000 01171nam a2200289 i 4500
001 14992
003 ES-MaACL
005 20240201133417.0
007 t|
008 991124s1999 sp ||||1| spa d
020 _a84-930992-0-1
080 _a342.7(063)
245 0 3 _aLa revolución de los derechos humanos
_b: un nuevo horizonte de libertad /
_c[Gabriel Albiac... et al. ; prólogo de Carlos París].
260 _aMadrid :
_bAteneo de Madrid,
_c1999.
300 _a121 p. ;
_c24 cm.
500 _aRecoge los textos correspondientes al ciclo de conferencias "La Revolución de los Derechos Humanos. Un nuevo horizonte de libertad", desarrollados en el Ateneo de Madrid, durante el año académico 1998-1999.
610 2 _aAteneo de Madrid-
_vConferencias-
_y1983-1999.
_9168596
650 1 4 _aDerechos humanos-
_vCongresos y asambleas.
_911773
700 1 _aAlbiac, Gabriel.
_919376
700 1 _aParís, Carlos,
_d1925-2014
_989133
710 2 _aAteneo de Madrid.
_91875
852 _aES-MaACL
_jL-22144
_bR.127598
852 _aES-MaACL
_jL-22143
_bR.127597
852 _aES-MaACL
_jL-22142
_bR.127524
942 _2udc
999 _c14992
_d14992